logo

Bir Sreshtho Munshi Abdur Rouf Library
Jhenaidah Cadet College

The Castle / (Record no. 563)

MARC details
000 -LEADER
fixed length control field 00537nam a2200217 a 4500
001 - CONTROL NUMBER
JCCL Control Number 563
003 - CONTROL NUMBER IDENTIFIER
JCCL marc code BD-JhCC
005 - DATE AND TIME OF LATEST TRANSACTION
control field 20171021121737.0
008 - FIXED-LENGTH DATA ELEMENTS--GENERAL INFORMATION
fixed length control field 171007s19301965enk |||| ||a| 00| 0 eng d
035 ## - SYSTEM CONTROL NUMBER
system control number (BD-JhCC)563
040 ## - CATALOGING SOURCE
Original cataloging agency BD-JhCC
Modifying agency BD-JhCC
041 ## - LANGUAGE CODE
Language code of Book eng
082 ## - DEWEY DECIMAL CLASSIFICATION NUMBER
Classification number 940.1
Author mark and Year KAF 1965
100 ## - MAIN ENTRY--PERSONAL NAME
Personal name Kafra, Franz
245 ## - TITLE STATEMENT
Title The Castle /
Statement of responsibility, etc Franz Kafra
260 ## - PUBLICATION, DISTRIBUTION, ETC. (IMPRINT)
Place of publication, distribution, etc London
Name of publisher, distributor, etc SECKER & WARBURG
Date of publication, distribution, etc 1965
300 ## - PHYSICAL DESCRIPTION
Pagination 451 p. :
Dimensions 21 cm.
650 ## - SUBJECT ADDED ENTRY--TOPICAL TERM
Topical term or geographic name as entry element castles
General subdivision Civilization, Madival
Geographic subdivision Europe
942 ## - ADDED ENTRY ELEMENTS (KOHA)
Source of classification or shelving scheme Dewey Decimal Classification
Koha item type Books
Holdings
Source of classification or shelving scheme Damaged status Not for loan Home library Current library Shelving location Total Checkouts Full call number Barcode Date last seen Copy number Koha item type
Dewey Decimal Classification     JCC Rouf Library JCC Rouf Library General Stacks   940.1 KAF 1965 1425 10/07/2017 C-1 Books

JCC Library | Contacts | JCC Home

Last Update on 23 September 2017
Copyright @ 2017-2020 JCC Rouf Library
Rouf Library, Jhenidah Cadet College (JCC), Bangladesh